[Event "La Zubia op"]
[Site "La Zubia"]
[Date "2023.12.08"]
[Round "3"]
[White "Gaya Llodra, Juan"]
[Black "Perea Fruet, Federico"]
[Result "1-0"]
[WhiteElo "2119"]
[BlackElo "1901"]
[PlyCount "81"]
[EventDate "2023.12.07"]
[EventType "swiss"]
[EventRounds "7"]
[EventCountry "ESP"]
[SourceTitle "CB50_2023"]
[SourceDate "2023.12.13"]
[SourceVersion "1"]
[SourceVersionDate "2023.12.13"]
[SourceQuality "1"]

1. d4 d5 2. g3 e6 3. Bg2 Nf6 4. Nf3 b5 5. a4 b4 6. c4 bxc3 7. bxc3 Ba6 8. 0-0 Be7 9. Ne5 Nfd7 10. f4 Nxe5 11. fxe5 c5 12. Rf2 Nc6 13. e4 Rc8 14. exd5 exd5 15. Qg4 cxd4 16. Qxg7 Rf8 17. Bh6 dxc3 18. Nxc3 Bc4 19. e6 Bc5 20. exf7+ Kd7 21. Qg4+ Kc7 22. Bxf8 Bxf2+ 23. Kxf2 Qxf8 24. Qf4+ Kb7 25. Rb1+ Ka6 26. Nxd5 Bxd5 27. Bf1+ Ka5 28. Rb5+ Ka6 29. Rb8+ Ka5 30. Rxc8 Qc5+ 31. Qe3 Qc2+ 32. Be2 Qf5+ 33. Qf4 Qh3 34. f8Q Qxh2+ 35. Ke1 Qg1+ 36. Bf1 Qb6 37. Qd2+ Nb4 38. Qfxb4+ Qxb4 39. Rc5+ Kxa4 40. Bb5+ Ka3 41. Qxb4+ 1-0

[Event "Mallorca-chT Preferente"]
[Site "Mallorca"]
[Date "2021.03.27"]
[Round "4"]
[White "Gaya Llodra, Juan"]
[Black "Amengual Perello, Jordi"]
[Result "1/2-1/2"]
[WhiteElo "2160"]
[BlackElo "2141"]
[PlyCount "119"]
[EventDate "2021.03.06"]
[EventType "team-swiss"]
[EventRounds "7"]
[EventCountry "ESP"]
[SourceTitle "EXT 2023"]
[Source "ChessBase"]
[SourceDate "2022.10.05"]
[SourceVersion "1"]
[SourceVersionDate "2022.10.05"]
[SourceQuality "1"]
[WhiteTeam "Maria Salut"]
[BlackTeam "Mallorca Isolani"]
[WhiteTeamCountry "ESP"]
[BlackTeamCountry "ESP"]

1. d4 Nf6 2. Nf3 e6 3. g3 b6 4. Bg2 Be7 5. 0-0 Ba6 6. Ne5 d5 7. c4 0-0 8. Nc3 c6 9. cxd5 cxd5 10. f4 Bb7 11. Qd3 Nc6 12. Nxc6 Bxc6 13. f5 exf5 14. Rxf5 g6 15. Rf1 Re8 16. Qf3 Qd6 17. Bg5 Kg7 18. Bf4 Qe6 19. Be5 Rad8 20. Rf2 Rd6 21. Raf1 h6 22. Qf4 Red8 23. Bxd6 Rxd6 24. Qe5 Kg8 25. Qxe6 Rxe6 26. Bh3 Rd6 27. a3 a5 28. Rf3 b5 29. Bg2 Kg7 30. h4 b4 31. axb4 axb4 32. Nd1 Bb5 33. Re3 Bd8 34. Re5 Bb6 35. Rf4 Nh5 36. e3 Nxf4 37. gxf4 Bc4 38. Re8 Bd8 39. Nf2 Bb5 40. Re5 Bc6 41. e4 dxe4 42. Bxe4 Bf6 43. Ra5 Bxe4 44. Nxe4 Rxd4 45. Nxf6 Kxf6 46. h5 Rd1+ 47. Kg2 Rd2+ 48. Kf3 Rxb2 49. Ra6+ Kg7 50. hxg6 fxg6 51. Ra7+ Kf6 52. Ra6+ Kf5 53. Ra5+ Ke6 54. Ra6+ Kd5 55. Rxg6 Rh2 56. f5 b3 57. Rb6 Kc4 58. f6 Rh1 59. Kg2 Rh4 60. Kg3 1/2-1/2

[Event "ESP-ch rapid"]
[Site "Linares"]
[Date "2019.08.24"]
[Round "3"]
[White "Gaya Llodra, Juan"]
[Black "Borrego Mata, Manuel"]
[Result "1/2-1/2"]
[WhiteElo "2221"]
[BlackElo "1928"]
[PlyCount "118"]
[EventDate "2019.08.24"]
[EventType "swiss (rapid)"]
[EventRounds "9"]
[EventCountry "ESP"]
[SourceTitle "EXT 2020"]
[Source "ChessBase"]
[SourceDate "2019.10.17"]
[SourceVersion "1"]
[SourceVersionDate "2019.10.17"]
[SourceQuality "1"]

1. d4 Nf6 2. Nf3 e6 3. g3 d5 4. Bg2 c5 5. c4 dxc4 6. 0-0 Be7 7. dxc5 Qxd1 8. Rxd1 Bxc5 9. Ne5 Nfd7 10. Nxc4 Nc6 11. Nc3 0-0 12. Bf4 Nb6 13. Nd6 a6 14. Rac1 Bb4 15. Be3 Bxd6 16. Bxb6 Be7 17. Na4 e5 18. Bxc6 bxc6 19. Rxc6 Be6 20. b3 Rfc8 21. Rdc1 Rxc6 22. Rxc6 Bd7 23. Rc7 Bxa4 24. Rxe7 Re8 25. Rc7 Bb5 26. Rc2 f6 27. a4 Bd7 28. Kf1 Rc8 29. Rxc8+ Bxc8 30. Ke1 Kf7 31. Kd2 Ke6 32. Kc3 Kd5 33. Kb4 Kc6 34. Ka5 Be6 35. b4 Bc4 36. e3 f5 37. Bc5 g6 38. Bf8 h5 39. Bg7 e4 40. Bd4 Bd3 41. h4 Bc4 42. b5+ axb5 43. Kb4 Be2 44. a5 Kb7 45. Kc5 Ka6 46. Bc3 Bg4 47. Bb4 Be2 48. Kd5 Bg4 49. Ke5 Kb7 50. Kf6 Ka6 51. Kxg6 Kb7 52. Kf6 Ka6 53. Ke5 Bh3 54. Bc3 Bg4 55. Kd5 Be2 56. Kc5 Bg4 57. Kb4 Be2 58. Bd4 Bg4 59. Bb6 Be2 1/2-1/2

[Event "ESP-ch rapid"]
[Site "Linares"]
[Date "2019.08.24"]
[Round "6"]
[White "Redondo Flores, David"]
[Black "Gaya Llodra, Juan"]
[Result "0-1"]
[WhiteElo "1975"]
[BlackElo "2221"]
[PlyCount "68"]
[EventDate "2019.08.24"]
[EventType "swiss (rapid)"]
[EventRounds "9"]
[EventCountry "ESP"]
[SourceTitle "EXT 2020"]
[Source "ChessBase"]
[SourceDate "2019.10.17"]
[SourceVersion "1"]
[SourceVersionDate "2019.10.17"]
[SourceQuality "1"]

1. e4 e6 2. d4 d5 3. Nc3 Nf6 4. Bg5 Be7 5. e5 Nfd7 6. Bxe7 Qxe7 7. f4 a6 8. Nf3 b6 9. Bd3 c5 10. 0-0 Nc6 11. a4 Bb7 12. Kh1 0-0-0 13. dxc5 bxc5 14. b3 Kb8 15. Qe2 Nb4 16. Na2 Nxd3 17. Qxd3 f5 18. Rab1 h6 19. b4 g5 20. bxc5 Nxc5 21. Qd4 Rc8 22. Rb6 Ka8 23. Rfb1 Rb8 24. Nb4 g4 25. Nd2 Rhc8 26. a5 g3 27. h3 Qc7 28. Nc6 Bxc6 29. Qxc5 Rxb6 30. axb6 Qb7 31. Nb3 d4 32. Na5 Bxg2+ 33. Kg1 Rxc5 34. Nxb7 Bxb7 0-1

[Event "Balears-ch Seniors 50"]
[Site "Palma de Mallorca"]
[Date "2017.09.02"]
[Round "3"]
[White "Serra Olives, Tomas"]
[Black "Gaya Llodra, Juan"]
[Result "1/2-1/2"]
[WhiteElo "2142"]
[BlackElo "2211"]
[PlyCount "42"]
[EventDate "2017.09.01"]
[EventType "swiss"]
[EventRounds "5"]
[EventCountry "ESP"]
[SourceTitle "CBM 180 Extra"]
[Source "ChessBase"]
[SourceDate "2017.10.06"]
[SourceVersion "1"]
[SourceVersionDate "2017.10.06"]
[SourceQuality "1"]

1. e4 e6 2. d4 d5 3. Nc3 Nf6 4. e5 Nfd7 5. f4 c5 6. Nf3 Nc6 7. Be3 a6 8. Qd2 b5 9. a3 Be7 10. dxc5 Bxc5 11. Bxc5 Nxc5 12. Nd4 Bb7 13. Nxc6 Bxc6 14. 0-0-0 Qb6 15. Qd4 a5 16. b4 axb4 17. axb4 Nd7 18. Qxb6 Nxb6 19. Nxb5 Ke7 20. Nd4 Rhc8 21. Kd2 Bd7 1/2-1/2

[Event "ESP-chT CECLUB Div2"]
[Site "Linares"]
[Date "2017.08.12"]
[Round "7.3"]
[White "Gaya Llodra, Juan"]
[Black "Perez Gonzalez, Jose Manuel"]
[Result "1-0"]
[WhiteElo "2211"]
[BlackElo "2314"]
[PlyCount "55"]
[EventDate "2017.08.08"]
[EventType "team"]
[EventRounds "7"]
[EventCountry "ESP"]
[SourceTitle "CBM 179 Extra"]
[Source "ChessBase"]
[SourceDate "2017.08.23"]
[SourceVersion "1"]
[SourceVersionDate "2017.08.23"]
[SourceQuality "1"]
[WhiteTeam "Sa Creu Petra"]
[BlackTeam "Liberty Chess"]
[WhiteTeamCountry "ESP"]
[BlackTeamCountry "ESP"]

1. d4 Nf6 2. Nf3 g6 3. g3 Bg7 4. Bg2 0-0 5. c4 d6 6. 0-0 Nc6 7. Nc3 a6 8. h3 Bd7 9. e4 e5 10. Bg5 Nxd4 11. Nxd4 exd4 12. Qxd4 h6 13. Bd2 Ng4 14. Qd3 Ne5 15. Qe2 Qc8 16. f4 Nc6 17. f5 gxf5 18. Qh5 fxe4 19. Bxh6 Bxh6 20. Qxh6 f5 21. Qg6+ Kh8 22. Rf4 Qd8 23. Nxe4 Ne5 24. Qh6+ Kg8 25. Ng5 Rf6 26. Bd5+ Nf7 27. Qh7+ Kf8 28. Bxf7 1-0

[Event "ESP-chT CECLUB Div2"]
[Site "Linares"]
[Date "2017.08.11"]
[Round "6.5"]
[White "Gaya Llodra, Juan"]
[Black "Silva Rodriguez, Fernando"]
[Result "1/2-1/2"]
[WhiteElo "2211"]
[BlackElo "2235"]
[PlyCount "65"]
[EventDate "2017.08.08"]
[EventType "team"]
[EventRounds "7"]
[EventCountry "ESP"]
[SourceTitle "CBM 179 Extra"]
[Source "ChessBase"]
[SourceDate "2017.08.23"]
[SourceVersion "1"]
[SourceVersionDate "2017.08.23"]
[SourceQuality "1"]
[WhiteTeam "Sa Creu Petra"]
[BlackTeam "Manises Eva"]
[WhiteTeamCountry "ESP"]
[BlackTeamCountry "ESP"]

1. d4 d5 2. g3 Nf6 3. Nf3 e6 4. Bg2 c5 5. c4 dxc4 6. 0-0 Nc6 7. Ne5 Bd7 8. Nxc6 Bxc6 9. Bxc6+ bxc6 10. Qa4 Rc8 11. dxc5 Bxc5 12. Qxc4 Qd5 13. Nd2 0-0 14. Qc2 Bb6 15. Nc4 Qh5 16. Nxb6 axb6 17. f3 c5 18. e4 Nd7 19. Bf4 c4 20. Rad1 Qc5+ 21. Kg2 Ne5 22. Bxe5 Qxe5 23. Rf2 b5 24. Qc3 Qc5 25. a3 Rb8 26. Rd4 Rfc8 27. Rfd2 h6 28. Rd7 b4 29. axb4 Rxb4 30. Qd4 Qxd4 31. R7xd4 Rc7 32. Kf2 Rcb7 33. Rc2 1/2-1/2

[Event "ESP-chT CECLUB Div2"]
[Site "Linares"]
[Date "2017.08.10"]
[Round "4.6"]
[White "Gaya Llodra, Juan"]
[Black "Alvarez Fernandez, Enrique"]
[Result "0-1"]
[WhiteElo "2211"]
[BlackElo "2310"]
[PlyCount "74"]
[EventDate "2017.08.08"]
[EventType "team"]
[EventRounds "7"]
[EventCountry "ESP"]
[SourceTitle "CBM 179 Extra"]
[Source "ChessBase"]
[SourceDate "2017.08.23"]
[SourceVersion "1"]
[SourceVersionDate "2017.08.23"]
[SourceQuality "1"]
[WhiteTeam "Sa Creu Petra"]
[BlackTeam "Gijon Antonio Rico"]
[WhiteTeamCountry "ESP"]
[BlackTeamCountry "ESP"]

1. d4 Nf6 2. Nf3 d5 3. g3 Bf5 4. Bg2 c6 5. 0-0 e6 6. c4 Nbd7 7. cxd5 exd5 8. Nc3 h6 9. Ne5 Be7 10. f4 0-0 11. g4 Bh7 12. g5 hxg5 13. fxg5 Ne8 14. g6 fxg6 15. Rxf8+ Bxf8 16. Nf3 Nd6 17. e4 dxe4 18. Ng5 Nf6 19. Qb3+ Kh8 20. Ncxe4 Bg8 21. Qh3+ Nh5 22. Bf4 Nf5 23. Rd1 Nh6 24. Be5 Qc8 25. Qd3 Qg4 26. Rf1 Be7 27. h3 Qd7 28. Bf3 Rf8 29. Bxh5 Rxf1+ 30. Qxf1 gxh5 31. Qf3 Qe8 32. Qf4 Qg6 33. b3 Bd5 34. Kh2 Kg8 35. Qe3 Nf7 36. h4 Bxg5 37. Nxg5 Qc2+ 0-1

[Event "Santa Margalida Mallorca-ch"]
[Site "Santa Margalida"]
[Date "2016.11.26"]
[Round "6"]
[White "Gaya Llodra, Juan"]
[Black "Gomez Olivares, Alejandro"]
[Result "0-1"]
[WhiteElo "2207"]
[BlackElo "1974"]
[PlyCount "82"]
[EventDate "2016.11.11"]
[EventType "swiss"]
[EventRounds "8"]
[EventCountry "ESP"]
[SourceTitle "EXT 2018"]
[Source "ChessBase"]
[SourceDate "2017.10.13"]
[SourceVersion "1"]
[SourceVersionDate "2017.10.13"]
[SourceQuality "1"]

1. d4 d5 2. g3 c6 3. Bg2 Bf5 4. Nf3 h6 5. 0-0 Nf6 6. c4 e6 7. Nc3 Nbd7 8. cxd5 exd5 9. Ne5 Be7 10. f4 h5 11. h3 Nb6 12. a4 a5 13. e3 Qc8 14. Kh2 Qe6 15. Bd2 Nc8 16. Nf3 Nd6 17. Ng5 Qd7 18. Qe2 Kf8 19. b3 g6 20. Nd1 Kg7 21. Nf2 Rhe8 22. Rfc1 Bd8 23. Nd3 Bxd3 24. Qxd3 Nfe4 25. Nxe4 Nxe4 26. Bxe4 Rxe4 27. Qe2 f5 28. g4 hxg4 29. hxg4 Bf6 30. Qg2 Rh8+ 31. Kg3 fxg4 32. Rh1 Ree8 33. Rae1 Rh5 34. Rxh5 gxh5 35. Bxa5 h4+ 36. Kh2 Kg6 37. e4 Bxd4 38. f5+ Kh5 39. exd5 Rxe1 40. Bxe1 Qxf5 41. dxc6 Qe5+ 0-1

[Event "Santa Margalida Mallorca-ch"]
[Site "Santa Margalida"]
[Date "2016.11.12"]
[Round "2"]
[White "Gaya Llodra, Juan"]
[Black "Trillo Figueroa Vidal, Antonio"]
[Result "1-0"]
[WhiteElo "2207"]
[BlackElo "1742"]
[PlyCount "39"]
[EventDate "2016.11.11"]
[EventType "swiss"]
[EventRounds "8"]
[EventCountry "ESP"]
[SourceTitle "EXT 2018"]
[Source "ChessBase"]
[SourceDate "2017.10.13"]
[SourceVersion "1"]
[SourceVersionDate "2017.10.13"]
[SourceQuality "1"]

1. d4 Nf6 2. Nf3 g6 3. g3 Bg7 4. Bg2 0-0 5. c4 c6 6. Nc3 d5 7. cxd5 cxd5 8. Ne5 e6 9. 0-0 Nc6 10. Nxc6 bxc6 11. Na4 Nd7 12. Bf4 e5 13. dxe5 Nxe5 14. Rc1 Bd7 15. Nc5 h6 16. Qa4 Nc4 17. Rxc4 dxc4 18. Rd1 Qe7 19. Nxd7 Rfd8 20. Bxc6 1-0

[Event "ESP-ch Seniors 50"]
[Site "Altea"]
[Date "2016.10.16"]
[Round "9"]
[White "Gaya Llodra, Juan"]
[Black "Besga Lopez, Jose Angel"]
[Result "0-1"]
[WhiteElo "2253"]
[BlackElo "2148"]
[PlyCount "58"]
[EventDate "2016.10.09"]
[EventType "swiss"]
[EventRounds "9"]
[EventCountry "ESP"]
[SourceTitle "EXT 2024"]
[Source "ChessBase"]
[SourceDate "2023.10.10"]
[SourceVersion "1"]
[SourceVersionDate "2023.10.10"]
[SourceQuality "1"]

1. d4 f5 2. g3 Nf6 3. Bg2 e6 4. c4 Be7 5. Nc3 d6 6. Nf3 0-0 7. Qb3 Qe8 8. Ng5 c6 9. d5 Na6 10. Nxe6 Bxe6 11. dxe6 Nc5 12. Qc2 Ng4 13. h3 Ne5 14. 0-0 Nxe6 15. f4 Nd7 16. e4 Bf6 17. Be3 Bxc3 18. Qxc3 fxe4 19. Bxe4 Nec5 20. Bg2 Ne4 21. Bxe4 Qxe4 22. Bd4 Qg6 23. Rae1 c5 24. Bf2 Rxf4 25. Re7 Ne5 26. Rxe5 dxe5 27. Qxe5 Rf5 28. Qc7 b6 29. Rd1 Rxf2 0-1

[Event "Campos Migjorn op"]
[Site "Campos"]
[Date "2016.09.17"]
[Round "4"]
[White "Sanchez Lopez, Alejandro"]
[Black "Gaya Llodra, Juan"]
[Result "0-1"]
[WhiteElo "1815"]
[BlackElo "2254"]
[PlyCount "44"]
[EventDate "2016.09.09"]
[EventType "swiss"]
[EventRounds "8"]
[EventCountry "ESP"]
[SourceTitle "EXT 2017"]
[Source "ChessBase"]
[SourceDate "2016.10.25"]
[SourceVersion "1"]
[SourceVersionDate "2016.10.25"]
[SourceQuality "1"]

1. e4 e6 2. d4 d5 3. Bd3 dxe4 4. Bxe4 Nf6 5. Bf3 c5 6. Ne2 Nc6 7. Be3 Qb6 8. Nbc3 e5 9. Bxc6+ bxc6 10. dxe5 Ng4 11. Bf4 h5 12. a4 Bf5 13. b3 Rd8 14. Qc1 c4 15. 0-0 Bc5 16. Qe1 cxb3 17. cxb3 Qxb3 18. h3 Nh6 19. Nc1 Qc4 20. Be3 Bb4 21. N1a2 Bd3 22. Nxb4 Qxb4 0-1

[Event "Campos Migjorn op"]
[Site "Campos"]
[Date "2016.09.09"]
[Round "1"]
[White "Gaya Llodra, Juan"]
[Black "Coll Verger, Amador"]
[Result "1-0"]
[WhiteElo "2254"]
[BlackElo "1596"]
[PlyCount "57"]
[EventDate "2016.09.09"]
[EventType "swiss"]
[EventRounds "8"]
[EventCountry "ESP"]
[SourceTitle "EXT 2017"]
[Source "ChessBase"]
[SourceDate "2016.10.25"]
[SourceVersion "1"]
[SourceVersionDate "2016.10.25"]
[SourceQuality "1"]

1. d4 d5 2. g3 c6 3. Bg2 Nf6 4. Nf3 Bf5 5. 0-0 e6 6. c4 Be7 7. Nc3 Ne4 8. cxd5 Nxc3 9. bxc3 cxd5 10. Ne5 0-0 11. g4 Bg6 12. Nxg6 hxg6 13. e4 Nc6 14. exd5 exd5 15. Rb1 Bd6 16. Rxb7 Qh4 17. f4 Rae8 18. Bxd5 Ne7 19. Bg2 g5 20. Rd7 Bb8 21. Qe1 Ng6 22. Qxh4 Nxh4 23. Bd5 gxf4 24. Bxf4 Bxf4 25. Rxf4 Re1+ 26. Kf2 Rfe8 27. Bxf7+ Kh7 28. Bxe8 Rxe8 29. Rff7 1-0

[Event "ESP-ch 81st"]
[Site "Linares"]
[Date "2016.08.06"]
[Round "2"]
[White "Munoz Pantoja, Miguel Angel"]
[Black "Gaya Llodra, Juan"]
[Result "0-1"]
[WhiteElo "2451"]
[BlackElo "2255"]
[PlyCount "42"]
[EventDate "2016.08.05"]
[EventType "swiss"]
[EventRounds "9"]
[EventCountry "ESP"]
[SourceTitle "CBM 173 Extra"]
[Source "ChessBase"]
[SourceDate "2016.08.29"]
[SourceVersion "1"]
[SourceVersionDate "2016.08.29"]
[SourceQuality "1"]

1. e4 e6 2. d4 d5 3. Nd2 Nf6 4. Bd3 c5 5. dxc5 dxe4 6. Bxe4 Bxc5 7. Qe2 0-0 8. Ngf3 Nc6 9. Bxc6 bxc6 10. 0-0 a5 11. b3 Bd4 12. Rb1 e5 13. Ne4 Nxe4 14. Qxe4 Ba6 15. Re1 f5 16. Qxc6 Rf6 17. Qa4 Rg6 18. Nxd4 exd4 19. Bb2 Rxg2+ 20. Kh1 Bb7 21. f3 Bxf3 0-1

[Event "Mallorca-chT Preferente"]
[Site "Mallorca"]
[Date "2016.03.13"]
[Round "6.2"]
[White "Gaya Llodra, Juan"]
[Black "Oneto Zarco, Jose"]
[Result "1/2-1/2"]
[WhiteElo "2267"]
[BlackElo "1963"]
[PlyCount "65"]
[EventDate "2016.03.01"]
[EventType "team-tourn"]
[EventRounds "9"]
[EventCountry "ESP"]
[SourceTitle "EXT 2024"]
[Source "ChessBase"]
[SourceDate "2023.10.10"]
[SourceVersion "1"]
[SourceVersionDate "2023.10.10"]
[SourceQuality "1"]
[WhiteTeam "Sa Creu Petra"]
[BlackTeam "Alcudia"]
[WhiteTeamCountry "ESP"]
[BlackTeamCountry "ESP"]

1. d4 Nf6 2. Nf3 d5 3. g3 c6 4. Bg2 Bf5 5. 0-0 Qd7 6. Ne5 Qe6 7. Nd3 Qc8 8. f3 Bh3 9. Bxh3 Qxh3 10. Nf4 Qc8 11. Nc3 e6 12. e4 Be7 13. Be3 0-0 14. Qe2 Nbd7 15. e5 Ne8 16. Nd3 c5 17. dxc5 Nxc5 18. f4 Nxd3 19. cxd3 Qd7 20. d4 Nc7 21. g4 f5 22. Kh1 Rf7 23. Rg1 Kh8 24. Rg3 g6 25. Rag1 Rg8 26. Qg2 Bd8 27. Qh3 Rfg7 28. Bf2 Qf7 29. Ne2 fxg4 30. Qxg4 Qf5 31. Qxf5 gxf5 32. Rc1 Na6 33. Rxg7 1/2-1/2

[Event "Mallorca-chT Preferente"]
[Site "Mallorca"]
[Date "2016.03.01"]
[Round "1.2"]
[White "Alemany Jara, Alejandro"]
[Black "Gaya Llodra, Juan"]
[Result "0-1"]
[WhiteElo "1981"]
[BlackElo "2267"]
[PlyCount "112"]
[EventDate "2016.03.01"]
[EventType "team-tourn"]
[EventRounds "9"]
[EventCountry "ESP"]
[SourceTitle "EXT 2024"]
[Source "ChessBase"]
[SourceDate "2023.10.10"]
[SourceVersion "1"]
[SourceVersionDate "2023.10.10"]
[SourceQuality "1"]
[WhiteTeam "Algaida"]
[BlackTeam "Sa Creu Petra"]
[WhiteTeamCountry "ESP"]
[BlackTeamCountry "ESP"]

1. d4 Nf6 2. Nf3 g6 3. Bf4 Bg7 4. e3 0-0 5. Bd3 c5 6. c3 d6 7. Nbd2 Nc6 8. 0-0 e5 9. Bg3 cxd4 10. exd4 Bg4 11. dxe5 dxe5 12. Be2 Nh5 13. Ne4 Nxg3 14. hxg3 Qc7 15. Qa4 Bd7 16. Nc5 Nd4 17. Nxd7 Nxe2+ 18. Kh1 Rfd8 19. Rae1 Qxd7 20. Qxd7 Nxg3+ 21. fxg3 Rxd7 22. Nxe5 Bxe5 23. Rxe5 Kf8 24. Re2 Re8 25. Rfe1 Rxe2 26. Rxe2 Rd1+ 27. Kh2 h5 28. c4 Rc1 29. b3 b6 30. Rd2 Ke7 31. Re2+ Kd7 32. Rd2+ Ke7 33. Re2+ Kf6 34. Rf2+ Kg7 35. Rd2 Ra1 36. Rc2 a5 37. a4 Rb1 38. c5 bxc5 39. Rxc5 Rxb3 40. Rxa5 Rb1 41. Ra8 Ra1 42. a5 Kh6 43. Ra7 f5 44. Ra8 Kg5 45. Ra6 Ra3 46. Ra8 h4 47. gxh4+ Kxh4 48. a6 g5 49. a7 Kg4 50. Kg1 Kg3 51. Kf1 Ra1+ 52. Ke2 g4 53. Ke3 Ra5 54. Rf8 Rxa7 55. Rxf5 Re7+ 56. Kd2 Kxg2 0-1

[Event "Palma de Mallorca op U2200"]
[Site "Palma de Mallorca"]
[Date "2013.01.18"]
[Round "7"]
[White "Gaya Llodra, Juan"]
[Black "Crespi Lopez, Juan Josep"]
[Result "1-0"]
[WhiteElo "2173"]
[BlackElo "1972"]
[PlyCount "35"]
[EventDate "2013.01.12"]
[EventType "swiss"]
[EventRounds "9"]
[EventCountry "ESP"]
[SourceTitle "EXT 2014"]
[Source "ChessBase"]
[SourceDate "2013.11.20"]
[SourceVersion "1"]
[SourceVersionDate "2013.11.20"]
[SourceQuality "1"]

1. d4 Nf6 2. Nf3 g6 3. g3 Bg7 4. Bg2 0-0 5. 0-0 d6 6. c4 Nc6 7. Nc3 a6 8. h3 Rb8 9. a4 Na5 10. b3 c5 11. dxc5 Ne4 12. Nxe4 Bxa1 13. cxd6 f5 14. Ba3 e6 15. Qxa1 fxe4 16. Ne5 Bd7 17. Qc3 b6 18. Bb2 1-0

[Event "Palma de Mallorca op U2200"]
[Site "Palma de Mallorca"]
[Date "2013.01.12"]
[Round "1"]
[White "Gaya Llodra, Juan"]
[Black "Oliver Font, Jose Luis"]
[Result "1-0"]
[WhiteElo "2173"]
[BlackElo "1838"]
[PlyCount "75"]
[EventDate "2013.01.12"]
[EventType "swiss"]
[EventRounds "9"]
[EventCountry "ESP"]
[SourceTitle "EXT 2014"]
[Source "ChessBase"]
[SourceDate "2013.11.20"]
[SourceVersion "1"]
[SourceVersionDate "2013.11.20"]
[SourceQuality "1"]

1. d4 Nf6 2. Nf3 c6 3. g3 d5 4. Bg2 e6 5. 0-0 Bd6 6. c4 Nbd7 7. cxd5 exd5 8. Nc3 0-0 9. Nh4 Re8 10. Qd3 Qc7 11. f4 Bb4 12. Nf3 Bxc3 13. bxc3 Ne4 14. Ne5 Ndf6 15. f5 Qa5 16. Bd2 c5 17. Be1 c4 18. Qc2 Bd7 19. Bxe4 Ba4 20. Qb2 Nxe4 21. Qxb7 Nd6 22. Qb2 f6 23. Ng4 Re7 24. Qa3 Qa6 25. Rb1 Rxe2 26. Qc5 Qc6 27. Rb4 Rxa2 28. Rxa4 Qxa4 29. Qxd5+ Kf8 30. Qxd6+ Ke8 31. Qe6+ Kf8 32. Qd6+ Ke8 33. Bd2 Ra1 34. Bc1 Qb5 35. Re1+ Kf7 36. Qe6+ Kf8 37. Nxf6 gxf6 38. Bh6# 1-0

[Event "Mallorca-chA"]
[Site "Palma de Mallorca"]
[Date "2011.11.26"]
[Round "6"]
[White "Gaya Llodra, Juan"]
[Black "Munar Rossello, Pedro"]
[Result "0-1"]
[WhiteElo "2160"]
[BlackElo "2077"]
[PlyCount "126"]
[EventDate "2011.10.29"]
[EventType "swiss"]
[EventRounds "8"]
[EventCountry "ESP"]
[SourceTitle "EXT 2014"]
[Source "ChessBase"]
[SourceDate "2013.11.20"]
[SourceVersion "1"]
[SourceVersionDate "2013.11.20"]
[SourceQuality "1"]

1. d4 e6 2. e4 c5 3. d5 exd5 4. exd5 d6 5. Nc3 Nf6 6. Nf3 Be7 7. Bb5+ Nbd7 8. a4 a6 9. Be2 0-0 10. 0-0 b6 11. h3 Bb7 12. Bf4 Ne8 13. Nd2 Nc7 14. Nc4 Nf6 15. Nxb6 Ne6 16. dxe6 Qxb6 17. exf7+ Kh8 18. a5 Qc6 19. Bf3 d5 20. Re1 Rxf7 21. Bg5 Rd8 22. Qe2 h6 23. Bh4 Ne4 24. Bxe7 Rxe7 25. Rad1 Qc7 26. Bxe4 dxe4 27. Rxd8+ Qxd8 28. Rd1 Qxa5 29. Qg4 Qc7 30. Nd5 Bxd5 31. Rxd5 e3 32. fxe3 Rxe3 33. Rd7 Qe5 34. Rd8+ Kh7 35. Rd1 Rg3 36. Qc4 h5 37. Qd5 Qe2 38. Qf5+ Rg6 39. Qd5 Rxg2+ 40. Qxg2 Qxd1+ 41. Kh2 Qd6+ 42. Kh1 Qe5 43. c3 Qe3 44. Qc2+ Kh6 45. Kg2 h4 46. Qf5 Qe2+ 47. Kh1 Qd1+ 48. Kh2 Qc2+ 49. Kh1 Qc1+ 50. Kh2 Qxb2+ 51. Kh1 Qc1+ 52. Kh2 Qg5 53. Qe6+ Qg6 54. Qe3+ Kh7 55. Kh1 Qc6+ 56. Kh2 Qd6+ 57. Kh1 Qd5+ 58. Kh2 Qf5 59. Kh1 a5 60. Kh2 a4 61. Qe2 a3 62. c4 Qf4+ 63. Kh1 Qc1+ 0-1